000
00289nam a22001337a 4500
008
170613b xxu||||| |||| 00| 0 eng d
020
_a
2900813190685
041
_a
eng
080
_a
32
100
_a
19
101
_a
SHP
245
_a
KING OF THE MOUNTAIN
_c
LUDWIG,A.M
942
_2
udc
_c
BK
999
_c
17156
_d
17156